[Event "British Universities-ch"]
[Site "Chess.com INT"]
[Date "2022.03.05"]
[Round "6.3"]
[White "Mohd Shafie, Muhd Shafiq"]
[Black "Skora, Amelia"]
[Result "1-0"]
[WhiteElo "1581"]
[BlackElo "838"]
[PlyCount "119"]
[EventDate "2022.03.05"]
[EventType "swiss"]
[EventRounds "9"]
[EventCountry "ENG"]
[SourceTitle "EXT 2023"]
[Source "ChessBase"]
[SourceDate "2022.10.05"]
[SourceVersion "1"]
[SourceVersionDate "2022.10.05"]
[SourceQuality "1"]
[WhiteTeam "Exeter III"]
[BlackTeam "Cardiff III"]
[WhiteTeamCountry "ENG"]
[BlackTeamCountry "WLS"]

1. e4 e5 2. Nf3 Nc6 3. Bc4 Bc5 4. Nc3 Nf6 5. d3 0-0 6. Bg5 Be7 7. 0-0 Na5 8. Nxe5 Nxc4 9. Nxc4 b6 10. Be3 c5 11. f4 d6 12. e5 dxe5 13. fxe5 Nd5 14. Nxd5 Qxd5 15. Qf3 Bb7 16. Qxd5 Bxd5 17. Nd2 Rac8 18. c4 Be6 19. b3 Rfd8 20. Kf2 Bh4+ 21. g3 Be7 22. Ke2 Bg4+ 23. Nf3 Bf5 24. Rad1 Rd7 25. Ne1 Bg4+ 26. Nf3 Rcd8 27. Rd2 Bf5 28. Rfd1 f6 29. a4 g5 30. exf6 Bxf6 31. Bxg5 Re8+ 32. Kf2 Re6 33. Bxf6 Rxf6 34. Kg1 Rfd6 35. Kf2 Bxd3 36. Kg1 Be2 37. Rxd6 Rxd6 38. Rxd6 Bxf3 39. Rd8+ Kg7 40. Rd7+ Kg6 41. Rxa7 h5 42. a5 bxa5 43. Rxa5 Kg5 44. Rxc5+ Kg4 45. b4 Be4 46. b5 Kh3 47. Rc7 h4 48. b6 hxg3 49. hxg3 Kxg3 50. b7 Bxb7 51. Rxb7 Kf3 52. c5 Ke4 53. c6 Kd5 54. c7 Ke5 55. c8Q Kd4 56. Rd7+ Ke5 57. Qe8+ Kf6 58. Rf7+ Kg6 59. Qg8+ Kh6 60. Rh7# 1-0

[Event "British Universities-ch"]
[Site "Chess.com INT"]
[Date "2022.03.05"]
[Round "8.3"]
[White "Panicker, Sidharth"]
[Black "Skora, Amelia"]
[Result "1-0"]
[WhiteElo "1487"]
[BlackElo "838"]
[PlyCount "69"]
[EventDate "2022.03.05"]
[EventType "swiss"]
[EventRounds "9"]
[EventCountry "ENG"]
[SourceTitle "EXT 2023"]
[Source "ChessBase"]
[SourceDate "2022.10.05"]
[SourceVersion "1"]
[SourceVersionDate "2022.10.05"]
[SourceQuality "1"]
[WhiteTeam "Warwick (Castles) III"]
[BlackTeam "Cardiff III"]
[WhiteTeamCountry "ENG"]
[BlackTeamCountry "WLS"]

1. e4 e5 2. Nf3 Nc6 3. Bc4 Bc5 4. Nc3 d6 5. h3 Nf6 6. d3 0-0 7. 0-0 Qe7 8. Bg5 Be6 9. Nd2 Nd4 10. Ne2 c6 11. Nxd4 Bxd4 12. c3 Bb6 13. Qf3 Bd8 14. Qg3 d5 15. exd5 cxd5 16. Bb3 h6 17. Bxh6 Nh5 18. Qxe5 Qh4 19. Nf3 Bf6 20. Nxh4 Bxh4 21. Qxh5 gxh6 22. Qxh4 Rae8 23. Qxh6 f5 24. Rfe1 Bf7 25. Re3 Rxe3 26. fxe3 Re8 27. Rf1 Rxe3 28. Qxe3 d4 29. Bxf7+ Kxf7 30. Qh6 dxc3 31. bxc3 b5 32. Rxf5+ Ke7 33. Rf6 b4 34. Qg7+ Ke8 35. Rf8# 1-0